[Event "Karakol Derbishev Memorial"]
[Site "Karakol"]
[Date "2017.??.??"]
[Round "1"]
[White "Morozov, Aleksandr"]
[Black "Iuldashev, Akmataly"]
[Result "0-1"]
[WhiteElo "2347"]
[BlackElo "1814"]
[PlyCount "62"]
[EventDate "2017.08.16"]
[EventType "swiss"]
[EventRounds "9"]
[EventCountry "KGZ"]
[SourceTitle "CBM 180 Extra"]
[Source "ChessBase"]
[SourceDate "2017.10.06"]
[SourceVersion "1"]
[SourceVersionDate "2017.10.06"]
[SourceQuality "1"]

1. e4 c5 2. Nc3 Nc6 3. Nf3 Nd4 4. Ne2 Nxf3+ 5. gxf3 e5 6. b3 Ne7 7. Bb2 Ng6 8. d3 d5 9. exd5 Qxd5 10. Nc3 Qd8 11. Qe2 Bd6 12. Ne4 Be7 13. Ng3 0-0 14. 0-0-0 Qc7 15. Kb1 b5 16. Re1 Qa5 17. Nh5 Bd6 18. Rg1 c4 19. dxc4 bxc4 20. Rd1 cxb3 21. axb3 Ba3 22. Qb5 Qxb5 23. Bxb5 Bxb2 24. Kxb2 Bb7 25. Be2 a5 26. Rd7 Rab8 27. h4 a4 28. Nxg7 Kxg7 29. h5 Kf6 30. hxg6 hxg6 31. Rg4 Bc8 0-1

[Event "Karakol Derbishev Memorial"]
[Site "Karakol"]
[Date "2017.??.??"]
[Round "5"]
[White "Morozov, Aleksandr"]
[Black "Maatkerimov, Nurbek"]
[Result "0-1"]
[WhiteElo "2347"]
[BlackElo "1502"]
[PlyCount "128"]
[EventDate "2017.08.16"]
[EventType "swiss"]
[EventRounds "9"]
[EventCountry "KGZ"]
[SourceTitle "CBM 180 Extra"]
[Source "ChessBase"]
[SourceDate "2017.10.06"]
[SourceVersion "1"]
[SourceVersionDate "2017.10.06"]
[SourceQuality "1"]

1. d4 Nf6 2. Nf3 d5 3. c4 e6 4. Bf4 Bb4+ 5. Bd2 Bxd2+ 6. Nbxd2 0-0 7. e3 c6 8. Bd3 Re8 9. Ne5 Nbd7 10. Ndf3 Nxe5 11. Nxe5 Nd7 12. f4 Nxe5 13. fxe5 dxc4 14. Bxc4 Qh4+ 15. Kf1 b5 16. Bd3 Bb7 17. Qf3 Rab8 18. Be4 Ba6 19. g3 Qe7 20. Bxc6 Rec8 21. Be4 Qb4 22. Qf2 Bb7 23. Bxb7 Rxb7 24. Kg2 Rbc7 25. Kh3 Rc2 26. Qf3 Qxb2 27. Raf1 R2c7 28. Rf2 Qa3 29. Rb1 a6 30. Rb3 Qe7 31. e4 h6 32. Ra3 Ra7 33. Rc3 Rd8 34. Qe3 Rad7 35. Rd2 Qb4 36. Rb3 Qc4 37. Rbd3 b4 38. Kg2 a5 39. g4 a4 40. h4 b3 41. axb3 axb3 42. Rc3 Qa4 43. Rxb3 Rxd4 44. Rxd4 Rxd4 45. Kf3 Qa1 46. Rb8+ Kh7 47. Rb1 Qa4 48. Re1 Qd7 49. Qf4 Rd3+ 50. Re3 Rd1 51. Re2 Rf1+ 52. Rf2 Qd1+ 53. Kg3 Rg1+ 54. Rg2 Qe1+ 55. Qf2 Rxg2+ 56. Kxg2 Qxe4+ 57. Qf3 Qxf3+ 58. Kxf3 Kg6 59. Kf4 f6 60. Ke4 h5 61. exf6 gxf6 62. Kf4 e5+ 63. Kf3 hxg4+ 64. Kxg4 f5+ 0-1

[Event "Bishkek Altyn Tuyun op"]
[Site "Bishkek"]
[Date "2017.??.??"]
[Round "3"]
[White "Sezdbekov, Ruslan"]
[Black "Morozov, Aleksandr"]
[Result "0-1"]
[WhiteElo "2188"]
[BlackElo "1487"]
[PlyCount "80"]
[EventDate "2017.11.01"]
[EventType "swiss"]
[EventRounds "7"]
[EventCountry "KGZ"]
[SourceTitle "CBM 181 Extra"]
[Source "ChessBase"]
[SourceDate "2017.12.12"]
[SourceVersion "1"]
[SourceVersionDate "2017.12.12"]
[SourceQuality "1"]

1. e4 c6 2. Nf3 d5 3. e5 c5 4. c3 Nc6 5. d4 e6 6. Bd3 Qb6 7. dxc5 Bxc5 8. 0-0 a5 9. a4 Nge7 10. Na3 Ng6 11. Qe2 Bd7 12. Nb5 0-0 13. h4 f6 14. exf6 gxf6 15. Bxg6 hxg6 16. Qd3 Kg7 17. h5 gxh5 18. Bf4 Ne7 19. Rae1 Bxb5 20. axb5 Ng6 21. Bh2 Rfe8 22. Nd4 Bxd4 23. cxd4 Rac8 24. Re3 h4 25. b3 a4 26. g3 h3 27. g4 axb3 28. Rxh3 Rh8 29. Rxh8 Nxh8 30. g5 Ng6 31. gxf6+ Kxf6 32. Kh1 Rh8 33. Rg1 Rh6 34. Qe3 Kg7 35. Kg2 b2 36. Be5+ Nxe5 37. Qxe5+ Kh7 38. Kf3 Rh3+ 39. Kf4 Rh4+ 40. Kg5 Qd8+ 0-1